| 000 | 00703nam a2200217Ia 4500 | ||
|---|---|---|---|
| 003 | GCL | ||
| 008 | 140319s9999 xx 000 0 ara d | ||
| 020 | _a6003377977 | ||
| 040 |
_aGCL / _cGCL |
||
| 082 | 0 | 4 |
_a153.35 _bم ت |
| 100 | 1 | _aمدحت ابوالنصر | |
| 245 | 1 | 0 |
_aتنمية القدرات الابتكارية لدى الفرد والمنظمة / _cمدحت ابوالنصر |
| 260 |
_aالقاهرة : _bمجموعة النيل العربية ، _c2004 |
||
| 300 |
_a175 ص ؛ _c24 سم |
||
| 490 |
_aسلسلة المدرب العملية _v0 |
||
| 650 | 0 | 4 | _aالتفكير |
| 650 | 0 | 4 | _aالذكاء |
| 650 | 0 | 4 | _aالابتكار |
| 650 | 0 | 4 | _aالقدرات |
| 942 |
_2ddc _cBK |
||
| 999 |
_c6093 _d6093 |
||